000 00720nam0a22002531 4500
001 rc\86385
005 20250620174457.0
010 _a5-7654-0003-5
_920000
035 _a(NLR Aleph) 005354219
090 _a6829523
_c6829523
100 _a20021216d1995 |||y0rusy50 ca
101 0 _arus
102 _aRU
105 _ay |||||||||
200 1 _aТот, кто стоит за спиной
_fЕ. Покровский
210 _aСПб.
_cИзд. дом "Нева"
_d1995
215 _a351, [1] с.
_d21
225 1 _aСезон новинок
700 1 _aПокровский
_bЕ.
_gЕвгений
801 0 _aRU
_bNLR
_gpsbo
801 1 _aRU
_bELAR
_2rusmarc
852 _aNLR
_j96-3/2669
942 _cBOOK
980 _aNB